Trayectoria de Goethe
Uloženo v:
| Hlavní autor: | |
|---|---|
| Médium: | Kniha |
| Jazyk: | španělština |
| Vydáno: |
Ciudad de México
Fondo de Cultura Económica
1954
|
| Vydání: | 1a. ed |
| Edice: | Breviarios, 100
|
| Témata: | |
| Tagy: |
Přidat tag
Žádné tagy, Buďte první, kdo vytvoří štítek k tomuto záznamu!
|
MARC
| LEADER | 00000cam a2200000 a 4500 | ||
|---|---|---|---|
| 001 | UCE2536 | ||
| 003 | CL-VaPUC | ||
| 008 | 140710e19540000mx |||||||||||||||||spa|d | ||
| 082 | 0 | 4 | |a 928.33 |b REY |2 21 |
| 100 | 0 | |a Reyes, Alfonso |e author |9 357008 | |
| 245 | 1 | 0 | |a Trayectoria de Goethe |
| 250 | |a 1a. ed | ||
| 300 | |a 178 p | ||
| 942 | |c BK | ||
| 945 | |d 20140710 11:54:00 |a dcastane | ||
| 260 | |a Ciudad de México |b Fondo de Cultura Económica |c 1954 | ||
| 600 | 0 | |a Goethe, Johann Wolfgang von, |d 1749-1832 |e autor |9 265453 | |
| 650 | 0 | |a Biografías |9 255210 | |
| 650 | 7 | |a ESCRITORES ALEMANES |2 CL-VaPUC |9 449823 | |
| 650 | 0 | |a Literatura alemana |9 265457 | |
| 583 | |a last modification |c 20140710 11:54:00 |k Rodrigo Vera | ||
| 490 | 0 | |a Breviarios, 100 | |
| 999 | |c 356126 |d 356124 | ||
| 952 | |0 0 |1 0 |3 erd |4 0 |6 928_330000000000000_REY_1954 |7 0 |8 A |9 463269 |a BIBEDU |b BIBEDU |i 5009812 |o 928.33 REY 1954 |p 5009812 |r 2019-11-23 |w 2019-11-23 |y BK |z Catalogado en:20140710 |k LIT | ||